| 000 | 01242cam a22003374a 4500 | ||
|---|---|---|---|
| 001 | 12163017 | ||
| 003 | US-DLC | ||
| 005 | 20171211030005.0 | ||
| 008 | 000905s2001 maua b 001 0 eng | ||
| 010 | _a 00046625 | ||
| 020 | _a0256136874 (alk. paper) | ||
| 040 |
_aDLC _cDLC _dDLC |
||
| 042 | _apcc | ||
| 050 | 0 | 0 |
_aHF5415.7 _b.S86 2001 |
| 082 | 0 | 0 |
_a658.5 _221 |
| 100 | 1 | _aStock, James R. | |
| 245 | 1 | 0 |
_aStrategic logistics management / _cJames R. Stock, Douglas M. Lambert. |
| 250 | _a4th ed. | ||
| 260 |
_aBoston : _bMcGraw-Hill/Irwin, _cc2001. |
||
| 300 |
_axxix, 872 p. : _bill. ; _c27 cm. |
||
| 440 | 4 | _aThe McGraw-Hill/Irwin series in marketing | |
| 504 | _aIncludes bibliographical references and indexes. | ||
| 650 | 0 | _aBusiness logistics. | |
| 650 | 0 |
_aPhysical distribution of goods _xManagement. |
|
| 700 | 1 | _aLambert, Douglas M. | |
| 856 | 4 | 2 |
_3Publisher description _uhttp://www.loc.gov/catdir/description/mh021/00046625.html |
| 856 | 4 | 1 |
_3Table of contents _uhttp://www.loc.gov/catdir/toc/mh021/00046625.html |
| 906 |
_a7 _bcbc _corignew _d1 _eocip _f20 _gy-gencatlg |
||
| 942 |
_2ddc _cBK |
||
| 999 |
_c38851 _d38851 |
||